Advanced Kardashian Quiz - Statistics

General Stats
  • This quiz has been taken 486 times
  • The average score is 7 of 10
Answer Stats
Hint Answer % Correct
Who is Kourtney Kardashian's oldest child? Mason
97%
Who is the third most followed Kardashian/Jenner on Instagram? Kendall Jenner
89%
In which month was Kylie Jenner born? August
83%
What's the name of their clothing line? Dash
83%
Who's the father of Khloe Kardashian's child? Tristan Thompson
78%
Who had a feud with Kim Kardashian and Kanye West in 2016? Taylor Swift
73%
What's the name of Kanye West's clothing line? YEEZY
71%
What's the name of Khloe Kardashian's jeans clothing company? Good American
67%
Who is Kim Kardashian's makeup artist? Mario Dedivanovic
53%
When is Kim Kardashian's birthday? oct 21
31%
No matching quizzes found
Score Distribution
Percent of People with Each Score
Percentile by Number Answered
Your Score History
You have not taken this quiz